Návrh opatrení na riešenie problematiky riadenia prítomnosti na pracovisku pre výrobných zamestnancov v podniku PCA Slovakia, s.r.o.
Salvato in:
| Autore principale: | |
|---|---|
| Altri autori: | |
| Natura: | Manoscritto Libro |
| Lingua: | slovacco |
| Pubblicazione: |
2015
|
| Soggetti: | |
| Accesso online: | http://is.stuba.sk/zp/portal_zp.pl?podrobnosti=96039 |
| Tags: |
Nessun Tag, puoi essere il primo ad aggiungerne!!
|
MARC
| LEADER | 00000ntm a22000003a 4500 | ||
|---|---|---|---|
| 001 | stuzp52757 | ||
| 003 | SK-STU | ||
| 005 | 20160719154254.1 | ||
| 007 | ta | ||
| 008 | 150427s2015----xo-----f-mn---000-0-slo-d | ||
| 040 | |a STU |b slo | ||
| 041 | 0 | |a slo | |
| 100 | 1 | |a Bangová, Katarína |u 064000 |4 aut |U MTF Materiálovotechnologická fakulta |T MTF Ústav priemyselného inžinierstva a manažmentu |X 46700 |U M4000 |Y 84 |7 46700 | |
| 242 | 0 | 1 | |a Application of measurement the solving the issue of managing the presence of production worker in the work place in PCA Slovakia, s. r. o. |y eng |
| 245 | 1 | 0 | |a Návrh opatrení na riešenie problematiky riadenia prítomnosti na pracovisku pre výrobných zamestnancov v podniku PCA Slovakia, s.r.o. |
| 260 | |c 2015 | ||
| 650 | 4 | |a výrobní zamestnanci |2 slo | |
| 650 | 4 | |a prítomnosť |2 slo | |
| 650 | 4 | |a ergonómia |2 slo | |
| 650 | 4 | |a presence |2 eng | |
| 650 | 4 | |a production |2 eng | |
| 650 | 4 | |a workers |2 eng | |
| 700 | 1 | |a Chlpeková, Andrea |4 ths |X 237 |7 A000000237 | |
| 856 | 4 | |u http://is.stuba.sk/zp/portal_zp.pl?podrobnosti=96039 | |
| 996 | |c M* BP-7319 |l MMSKP |s P |a 0 |w stuzp52757_0001 | ||
| SQL | |a stuzp52757 |b DBP |c SLO |d Návrh opatrení na riešenie problematiky riadenia prítomnosti na pracovisku pre výrobných zamestnancov v podniku PCA Slovakia, s.r.o. |e 46700 |f Bangová, Katarína |g 064000 |h 237 |i Chlpeková, Andrea |j 20150623 |k 173 |l 06 |m http://is.stuba.sk/zp/portal_zp.pl?podrobnosti=96039 |n B-PPP |o 5.2.52. priemyselné inžinierstvo | ||